Catering : a guide to managing a successful business operation

में बचाया:
ग्रंथसूची विवरण
मुख्य लेखक:  Mattel, Bruce
स्वरूप: Sách
भाषा:Undetermined
प्रकाशित:  Wiley  2016
विषय:
टैग : टैग जोड़ें
कोई टैग नहीं, इस रिकॉर्ड को टैग करने वाले पहले व्यक्ति बनें!
Thư viện lưu trữ: Trung tâm Thư viện - Trường Đại học Công nghiệp TP. Hồ Chí Minh
LEADER 00497nam a2200157Ia 4500
001 UIH_07143
008 231011s9999 xx 000 0 und d
082 |a  642.4068 
100 |a  Mattel, Bruce 
245 0 |a  Catering : a guide to managing a successful business operation 
245 0 |c  Mattel, Bruce 
260 |b  Wiley 
260 |c  2016 
650 |a  Caterers and catering;  
927 |a Sách 
980 |a Trung tâm Thư viện - Trường Đại học Công nghiệp TP. Hồ Chí Minh